000 00647nam a2200217 i 4500
001 89482
003 ES-MaACL
005 20251015063109.0
007 t|
008 050111s1958 fr ||||1| fre d
100 1 _aLantier, Raymond,
_d1886-1980
_970103
245 1 3 _aLa vie préhistorique /
_cpar Raymond Lantier.
250 _a3eme ed., rev et corr.
260 _aParís :
_bPresses Universitaires de France,
_c1958.
300 _a135 p. ;
_c18 cm.
490 1 _aQue sais-je? ;
_v535
650 0 4 _aPrehistoria.
_916343
830 0 0 _aQue sais-je?
_v535
_9180931
852 _aES-MaACL
_jC-15610
_bR.43460
999 _c89482
_d89482